<?xml version="1.0" encoding="UTF-8"?>
<record
    xmlns:xsi="http://www.w3.org/2001/XMLSchema-instance"
    xsi:schemaLocation="http://www.loc.gov/MARC21/slim http://www.loc.gov/standards/marcxml/schema/MARC21slim.xsd"
    xmlns="http://www.loc.gov/MARC21/slim">

  <leader>05324njm a2200421Ia 4500</leader>
  <controlfield tag="001">E1398</controlfield>
  <controlfield tag="003">IT-RoPAU</controlfield>
  <controlfield tag="005">20220918181115.0</controlfield>
  <controlfield tag="008">131025s9999    xx            000 0 und d</controlfield>
  <datafield tag="040" ind1=" " ind2=" ">
    <subfield code="a">IT-RoPAU</subfield>
  </datafield>
  <datafield tag="040" ind1=" " ind2=" ">
    <subfield code="c">IT-RoPAU</subfield>
  </datafield>
  <datafield tag="999" ind1=" " ind2=" ">
    <subfield code="c">99315</subfield>
    <subfield code="d">99315</subfield>
  </datafield>
  <datafield tag="999" ind1=" " ind2=" ">
    <subfield code="b">n.d.</subfield>
  </datafield>
  <datafield tag="100" ind1=" " ind2=" ">
    <subfield code="a">AA.VV.</subfield>
    <subfield code="9">794</subfield>
  </datafield>
  <datafield tag="100" ind1=" " ind2=" ">
    <subfield code="e">Autore musica</subfield>
    <subfield code="9">31482</subfield>
  </datafield>
  <datafield tag="100" ind1=" " ind2=" ">
    <subfield code="g">Codice autore musica SPICS: 12000</subfield>
    <subfield code="9">796</subfield>
  </datafield>
  <datafield tag="245" ind1=" " ind2=" ">
    <subfield code="a">Ella Fitzgerald. La nascita di una first lady</subfield>
  </datafield>
  <datafield tag="250" ind1=" " ind2=" ">
    <subfield code="a">2a ed.</subfield>
  </datafield>
  <datafield tag="260" ind1=" " ind2=" ">
    <subfield code="a">MILANO</subfield>
  </datafield>
  <datafield tag="260" ind1=" " ind2=" ">
    <subfield code="b">RUSCONI</subfield>
    <subfield code="c">1996 [1a Ed.:]</subfield>
  </datafield>
  <datafield tag="300" ind1=" " ind2=" ">
    <subfield code="a">COMPACT DISC</subfield>
  </datafield>
  <datafield tag="300" ind1=" " ind2=" ">
    <subfield code="c">70 minuti (Testo:  pag.)</subfield>
  </datafield>
  <datafield tag="500" ind1=" " ind2=" ">
    <subfield code="a">Musica jazz. Cd fuori commercio allegato al n. 8/9 della rivista "Musica jazz". Brani di autori vari.</subfield>
  </datafield>
  <datafield tag="505" ind1=" " ind2=" ">
    <subfield code="a">Rhythm and Romance [(New York, febbraio 1936) (3:00)] - Shine [(New York, febbraio 1936) (4:00)] - You Hit the Spot [(New York, febbraio 1936) (3:00)] - Darktown Strutters Ball [(New York, febbraio 1936) (2:00)] - My Melancholy Baby [(New York, 17 marzo 1936) (4:00)] - All My Life [(New York, 17 marzo 1936) (4:00)] - Crying My Heart Out For You [(New York, 7 aprile 1936) (4:00)] - Goodnight My Love [(New York, 5 novembre 1936) (4:00)] - Take Another Guess [(New York, 5 novembre 1936) (3:00)] - Did You Mean It? [(New York, 5 novembre 1936) (3:00)] - Shes Tall, Shes Tan, Shes Terrific [(New York, 10 dicembre 1937) (3:00)] - Honeysuckle Rose [(New York, 10 dicembre 1937) (4:00)] - Deep In Dream of You [(New York, 10 febbraio 1939) (5:00)] - That Was My Heart [(New York, 10 febbraio 1939) (4:00)] - Oh Johnny, Oh Johnny, Oh! [(Inizio 1939) (4:00)] - Taint What You Do [(Inizio 1939) (3:00)] - If Didn't Care [(Boston, 4 maggio 1939) (5:00)] - Chew, Chew, Chew [(Boston, 4 maggio 1939) (3:00)] - Starlit Hour [(New York, 1940) (4:00)] - Sing Song Swing [(New York, 1940) (3:00)] - I'll See You In My Freams [(New York, 12 ottobre 1945) (5:00)] - I'll Always Be In Love With You [(New York, 12 ottobre 1945) (5:00)]</subfield>
  </datafield>
  <datafield tag="511" ind1=" " ind2=" ">
    <subfield code="a">Chick Webb and His Orchestra; Fitzgerald Ella: voc; Bauza Mario: tr; Stark Bobby: tr; Jones Wallace: tr; Story Nat: trne; Williams Sandy: trne; Sampson Edgar: alto; Clark Pete: alto; Carver Wayman: ten; McRae Teddy: ten; Steele Joe: p; Trueheart John: chit; Thomas Bill: cb; Webb Chick: batt</subfield>
  </datafield>
  <datafield tag="511" ind1=" " ind2=" ">
    <subfield code="a">Fitzgerald Ella: voc; Bauza Mario: tr; Stark Bobby: tr; Jones Wallace: tr; Story Nat: trne; Williams Sandy: trne; Sampson Edgar: alto; Clark Pete: alto; Carver Wayman: ten; McRae Teddy: ten; Steele Joe: p; Trueheart John: chit; Thomas Bill: cb; Webb Chick: batt; Chick Webb and His Orchestra</subfield>
  </datafield>
  <datafield tag="511" ind1=" " ind2=" ">
    <subfield code="a">Fitzgerald Ella: voc; Newton Frankie: tr; Morton Benny: trne; Blake Jerry: cl; McRae Teddy: ten; Wilson Teddy: p; Trueheart John: chit; Stanfield Leemie: cb; Cole Cozy: batt; Ella Fitzgerald with Teddy Wilson and His Orchestra</subfield>
  </datafield>
  <datafield tag="511" ind1=" " ind2=" ">
    <subfield code="a">Fitzgerald Ella: voc; Bauza Mario: tr; Stark Bobby: tr; Jordan Taft: tr; Jones Claude: trne; Williams Sandy: trne; Sampson Edgar: alto; Clark Pete: alto; Carver Wayman: ten; Williams Elmer: ten; Kirkpatrick Don: p; Trueheart John: chit; Thomas Bill: cb; Webb Chick: batt; Chick Webb and His Orchestra</subfield>
  </datafield>
  <datafield tag="511" ind1=" " ind2=" ">
    <subfield code="a">Fitzgerald Ella: voc; Elman Ziggy: tr; Griffin Chris: tr; Zarchey Zeke: tr; Ballard Red: trne; Mceachern Murray: trne; Goodman Benny: cl; Scherzer Hymie: alto; Depew Bill: alto; Musso Vido: ten; Rollini Arthur: ten; Stacy Jess: p; Reuss Allen: chit; Goodman Harry: cb; Krupa Gene: batt; Benny Godman and His Orchestra</subfield>
  </datafield>
  <datafield tag="511" ind1=" " ind2=" ">
    <subfield code="a">Fitzgerald Ella: voc; Vance Dick: tr; Stark Bobby: tr; Jordan Taft: tr; Story Nat: trne; Williams Sandy: trne; Jordan Louis: alto; Bushell Garvin: cl, ten; Carver Wayman: ten; Mcrae Teddy: ten; Fullford Tommy: p; Johnson Bobby: chit; Thomas Bill: cb; Webb Chick: batt; Chick Webb and His Orchestra</subfield>
  </datafield>
  <datafield tag="511" ind1=" " ind2=" ">
    <subfield code="a">Fitzgerald Ella: voc; Vance Dick: tr; Stark Bobby: tr; Jordan Taft: tr; Story Nat: trne; Williams Sandy: trne; Matthews George: trne; Jefferson Hilton: alto; Bushell Grvin: cl, ten; Carver Wayman: ten; McRae Teddy: ten; Fullford Tommy: p; Johnson Bobb: chit; Peer Beverly: cb; Webb Chick: batt; Chick Webb and His Orchestra</subfield>
  </datafield>
  <datafield tag="511" ind1=" " ind2=" ">
    <subfield code="a">Fitzgerald Ella: voc; Vance Dick: tr; Stark Bobby: tr; Jordan Taft: tr; Haughton John: trne; Williams Sandy: trne; Matthews George: trne; Jefferson Hilton: alto; Bushell Garvin: cl, ten; Carver Wayman: ten; McRae Teddy: ten; Fullford Tommy: p; Trueheart John: chit; Peer Beverly: cb; Webb Chick: batt; Chick Webb and His Orchestra</subfield>
  </datafield>
  <datafield tag="511" ind1=" " ind2=" ">
    <subfield code="a">Fitzgerald Ella: voc; Vance Dick: tr; Vance Irving: tr; Randolph Irving: tr; Jordan Taft: tr; Story Nat: trne; Williams Sandy: trne; Matthews George: trne; Barefield Eddie: cl, alto; Haughton Chauncey: cl, alto; Carver Wayman: ten; McRae Teddy: ten; Ramirez Roger: p; Trueheart John: chit; Peer Beverly: cb; Beason Bill: batt; Ella Fitzgerald &amp; Her Famous Orchestra</subfield>
  </datafield>
  <datafield tag="511" ind1=" " ind2=" ">
    <subfield code="a">Ella Fitzgerald: voc; Shavers Charlie: tr; McGarity Lou: trne; Hucko Peanuts: cl; Sears Al: ten; Weed Buddy: p; Palmieri Remo: chit; Alpert Trigger: cb; Rich Buddy: batt; Ella Fitzgerald &amp; Her V Disc Boys</subfield>
  </datafield>
  <datafield tag="650" ind1=" " ind2=" ">
    <subfield code="a">JAZZ [COMPACT DISC]</subfield>
    <subfield code="e">Codice MATERIA SPICS: 9949</subfield>
    <subfield code="9">11822</subfield>
  </datafield>
  <datafield tag="700" ind1=" " ind2=" ">
    <subfield code="a">Fitzgerald Ella</subfield>
    <subfield code="g">Codice interprete SPICS: 10784</subfield>
    <subfield code="e">Interprete</subfield>
    <subfield code="9">31483</subfield>
  </datafield>
  <datafield tag="700" ind1=" " ind2=" ">
    <subfield code="a">AA.VV.</subfield>
    <subfield code="g">Codice autore testo/musica SPICS: 12000</subfield>
    <subfield code="e">Autore testo/musica</subfield>
    <subfield code="9">31484</subfield>
  </datafield>
  <datafield tag="942" ind1=" " ind2=" ">
    <subfield code="c">CD</subfield>
    <subfield code="2">ddc</subfield>
  </datafield>
  <datafield tag="952" ind1=" " ind2=" ">
    <subfield code="0">0</subfield>
    <subfield code="1">0</subfield>
    <subfield code="4">0</subfield>
    <subfield code="6">E_1398_000000000000000</subfield>
    <subfield code="7">1</subfield>
    <subfield code="a">SPICS</subfield>
    <subfield code="b">SPICS</subfield>
    <subfield code="d">2013-10-25</subfield>
    <subfield code="l">0</subfield>
    <subfield code="o">E1398</subfield>
    <subfield code="r">2013-10-25 00:00:00</subfield>
    <subfield code="w">2013-10-25</subfield>
    <subfield code="y">CD</subfield>
    <subfield code="z">Progr. Ins.: 2382 / N.Vol.: 1 / Copie: 1 - Copia rara: n.d. / date import: 01.01.2014 - By Epidotti, Trombetti, Vaglietti</subfield>
  </datafield>
</record>
